ბათუმის შოთა რუსთაველის სახელმწიფო უნივერსიტეტის ბიბლიოთეკა

Lexikologie der Deutschen Gegenwartssprache (ბიბ.ჩანაწერი № 54586)

000 -LEADER
fixed length control field 00580nam a2200241Ia 4500
001 - CONTROL NUMBER
control field 21652
003 - CONTROL NUMBER IDENTIFIER
control field GE_BSU
008 - FIXED-LENGTH DATA ELEMENTS--GENERAL INFORMATION
fixed length control field 181216s||||||||xx |||||||||||||| ||und||
020 ## - INTERNATIONAL STANDARD BOOK NUMBER
International Standard Book Number 3484730021
040 ## - CATALOGING SOURCE
Transcribing agency GE_BSU
080 ## - UNIVERSAL DECIMAL CLASSIFICATION NUMBER
Universal Decimal Classification number 811.112
100 ## - MAIN ENTRY--PERSONAL NAME
Personal name Schippan, Thea
245 ## - TITLE STATEMENT
Title Lexikologie der Deutschen Gegenwartssprache
245 ## - TITLE STATEMENT
Remainder of title studienbuch
260 ## - PUBLICATION, DISTRIBUTION, ETC.
Place of publication, distribution, etc. Tubingen
260 ## - PUBLICATION, DISTRIBUTION, ETC.
Name of publisher, distributor, etc. Max Niemeyer Verlag
260 ## - PUBLICATION, DISTRIBUTION, ETC.
Date of publication, distribution, etc. 1992
300 ## - PHYSICAL DESCRIPTION
Extent 306 p. 22cm.
653 ## - INDEX TERM--UNCONTROLLED
Uncontrolled term Lexikologie der Deutschen Gegenwartssprache
653 ## - INDEX TERM--UNCONTROLLED
Uncontrolled term studienbuch
942 ## - ADDED ENTRY ELEMENTS (KOHA)
Koha item type წიგნი
ეგზემპლარები
Withdrawn status Lost status Damaged status Not for loan Date acquired Barcode Date last seen Price effective from Koha item type
        2018-12-17 1464 2018-12-17 2018-12-17 წიგნი